Les empires célèbres dans l'histoire - Statistiques

Statistiques générales
  • Ce quiz a été pris 1 225 fois
  • Le résultat moyen est 14 sur 20
Statistiques - réponses
Description Empire % Correct
Empire italien qui, à un moment donné, contrôlait toute la Méditerranée Romain
98%
Empire turc qui a conquis le précédent Ottoman
95%
Immense empire terrestre fondé par Gengis Khan Mongol
92%
Empire gouverné par les tsars Russe
87%
Empire mexicain conquis par Cortès Aztèque
86%
Empire, basé à Constantinople, qui a continué le précédent Byzantin
86%
Empire gouverné par les pharaons Égyptien
86%
Empire andin conquis par Pizarro Inca
85%
Empire qui a conquis le territoire des deux précédents Espagnol
82%
Empire qui contrôlait le Brésil, Macao, etc... Portugais
78%
Empire qui a annexé la Corée Japonais
72%
Empire éphémère d'Alexandre le Grand Macédoine
72%
Zoroastre est à l'origine de la religion d'État de cet empire Perse
66%
Empire, basé à Tombouctou, connu pour sa richesse en or Mali
60%
L'éphémère empire d'Hitler Nazi
55%
Empire dont Angkor était la capitale Khmer
50%
Empire chrétien d'Afrique Éthiopien
48%
Empire indien formé par Babur Moghol
39%
Empire formé par Tamerlan Timouride
20%
Empire indien conquis par les britanniques et intégré à leurs empire Marathe
5%
Aucun quiz correspondant
Distribution des résultats
% des personnes avec chaque résultat
Percentile par nombre de réponses
Votre historique - résultats
Vous n’avez pas pris ce quiz